<?xml version="1.0" encoding="UTF-8"?>
<record
    xmlns:xsi="http://www.w3.org/2001/XMLSchema-instance"
    xsi:schemaLocation="http://www.loc.gov/MARC21/slim http://www.loc.gov/standards/marcxml/schema/MARC21slim.xsd"
    xmlns="http://www.loc.gov/MARC21/slim">

  <leader>00582nam a22002057a 4500</leader>
  <datafield tag="999" ind1=" " ind2=" ">
    <subfield code="c">7018</subfield>
    <subfield code="d">7018</subfield>
  </datafield>
  <controlfield tag="001">7862</controlfield>
  <controlfield tag="003">BD-DhUAP</controlfield>
  <controlfield tag="005">20210112144338.0</controlfield>
  <controlfield tag="008">210112r20012003ii ||||| |||| 001 0 eng d</controlfield>
  <datafield tag="020" ind1=" " ind2=" ">
    <subfield code="a">8120320697</subfield>
  </datafield>
  <datafield tag="040" ind1=" " ind2=" ">
    <subfield code="a">BD-DhUAP</subfield>
    <subfield code="b">Eng</subfield>
    <subfield code="c">BD-DhUAP</subfield>
    <subfield code="d">BD-DhUAP</subfield>
  </datafield>
  <datafield tag="082" ind1=" " ind2=" ">
    <subfield code="2">23</subfield>
    <subfield code="a">658.87 MAR </subfield>
  </datafield>
  <datafield tag="245" ind1=" " ind2=" ">
    <subfield code="a">Marketing channels / </subfield>
    <subfield code="c">Anne T. Coughlan ... [et al.].</subfield>
  </datafield>
  <datafield tag="250" ind1=" " ind2=" ">
    <subfield code="a">6th ed.</subfield>
  </datafield>
  <datafield tag="260" ind1=" " ind2=" ">
    <subfield code="a">New Delhi :</subfield>
    <subfield code="b">Prentice-Hall of India, </subfield>
    <subfield code="c">c2001 [2003].</subfield>
  </datafield>
  <datafield tag="300" ind1=" " ind2=" ">
    <subfield code="a">xviii, 590 pages ;</subfield>
    <subfield code="c">22 cm. </subfield>
  </datafield>
  <datafield tag="500" ind1=" " ind2=" ">
    <subfield code="a">Includes index. </subfield>
  </datafield>
  <datafield tag="650" ind1=" " ind2=" ">
    <subfield code="a">Marketing channels.</subfield>
  </datafield>
  <datafield tag="942" ind1=" " ind2=" ">
    <subfield code="2">ddc</subfield>
    <subfield code="c">BK</subfield>
  </datafield>
  <datafield tag="952" ind1=" " ind2=" ">
    <subfield code="0">0</subfield>
    <subfield code="1">0</subfield>
    <subfield code="2">ddc</subfield>
    <subfield code="4">0</subfield>
    <subfield code="7">0</subfield>
    <subfield code="a">DBASL</subfield>
    <subfield code="b">DBASL</subfield>
    <subfield code="c">Reserve Stacks</subfield>
    <subfield code="d">2021-01-12</subfield>
    <subfield code="o">658.87 MAR</subfield>
    <subfield code="p">3010007862</subfield>
    <subfield code="r">2021-01-12</subfield>
    <subfield code="t">1</subfield>
    <subfield code="w">2021-01-12</subfield>
    <subfield code="y">BK</subfield>
  </datafield>
  <datafield tag="952" ind1=" " ind2=" ">
    <subfield code="0">0</subfield>
    <subfield code="1">0</subfield>
    <subfield code="2">ddc</subfield>
    <subfield code="4">0</subfield>
    <subfield code="7">0</subfield>
    <subfield code="a">DBASL</subfield>
    <subfield code="b">DBASL</subfield>
    <subfield code="c">Reserve Stacks</subfield>
    <subfield code="d">2021-01-12</subfield>
    <subfield code="o">658.87 MAR</subfield>
    <subfield code="p">3010007861</subfield>
    <subfield code="r">2021-01-12</subfield>
    <subfield code="t">2</subfield>
    <subfield code="w">2021-01-12</subfield>
    <subfield code="y">BK</subfield>
  </datafield>
  <datafield tag="952" ind1=" " ind2=" ">
    <subfield code="0">0</subfield>
    <subfield code="1">0</subfield>
    <subfield code="2">ddc</subfield>
    <subfield code="4">0</subfield>
    <subfield code="7">0</subfield>
    <subfield code="a">DBASL</subfield>
    <subfield code="b">DBASL</subfield>
    <subfield code="c">Reserve Stacks</subfield>
    <subfield code="d">2021-01-12</subfield>
    <subfield code="o">658.87 MAR</subfield>
    <subfield code="p">3010007860</subfield>
    <subfield code="r">2021-01-12</subfield>
    <subfield code="t">3</subfield>
    <subfield code="w">2021-01-12</subfield>
    <subfield code="y">BK</subfield>
  </datafield>
  <datafield tag="952" ind1=" " ind2=" ">
    <subfield code="0">0</subfield>
    <subfield code="1">0</subfield>
    <subfield code="2">ddc</subfield>
    <subfield code="4">0</subfield>
    <subfield code="7">0</subfield>
    <subfield code="a">DBASL</subfield>
    <subfield code="b">DBASL</subfield>
    <subfield code="c">Reserve Stacks</subfield>
    <subfield code="d">2021-01-12</subfield>
    <subfield code="o">658.87 MAR</subfield>
    <subfield code="p">3010007858</subfield>
    <subfield code="r">2021-01-12</subfield>
    <subfield code="t">4</subfield>
    <subfield code="w">2021-01-12</subfield>
    <subfield code="y">BK</subfield>
  </datafield>
  <datafield tag="952" ind1=" " ind2=" ">
    <subfield code="0">0</subfield>
    <subfield code="1">0</subfield>
    <subfield code="2">ddc</subfield>
    <subfield code="4">0</subfield>
    <subfield code="7">0</subfield>
    <subfield code="a">DBASL</subfield>
    <subfield code="b">DBASL</subfield>
    <subfield code="c">Reserve Stacks</subfield>
    <subfield code="d">2021-01-12</subfield>
    <subfield code="o">658.87 MAR</subfield>
    <subfield code="p">3010007859</subfield>
    <subfield code="r">2021-01-12</subfield>
    <subfield code="t">5</subfield>
    <subfield code="w">2021-01-12</subfield>
    <subfield code="y">BK</subfield>
  </datafield>
</record>
